000 00624nam a2200181Ia 4500
008 151018s9999 xx 000 0 und d
082 _bRBASDV29909
_a891.434
100 _aसरला महेश्वरी
245 _aसमान नागरिक संहिता
250 _b1
260 _bराधाकृष्ण
_c1997
300 _a124
600 _aसरला महेश्वरी
630 _aसमान नागरिक संहिता
700 _aसरला महेश्वरी
730 _aसमान नागरिक संहिता
942 _cBOOK
999 _c1029453
_d1029450